Statistics for Formula One 2021 Multiple Choice

Click here to take the quiz!

General Stats

  • This quiz has been taken 270 times
  • The average score is 8 of 15

Answer Stats

QuestionAnswer% Correct
Which Grand Prix was cancelled due to COVID-19 pandemic ?Chinese
79%
Which driver's accident caused the entrance of safety car in the final laps of Abu Dhabi Grand Prix ?Nicholas Latifi
78%
Which company's power unit did Aston Martin use ?Mercedes
72%
In which Grand Prix did the drivers receive half points ?Belgian
69%
How many Sprint Qualifyings did take place during the season ?3
67%
Who replaced Kimi Raikkonen at Dutch and Italian Grand Prix ?Robert Kubica
67%
How did Lewis Hamilton describe the final lap of Abu Dhabi Grand Pix ?Manipulated
64%
In which Grand Prix did Pierre Gasly achieve his only podium?Azerbaijan
56%
Only one team achieved a 1-2 classification during the season. Which one?McLaren
53%
How many races did Max Verstappen win ?10
45%
Which driver did retire not even once in the 22 races ?Carlos Sainz Jr.
44%
In Hungarian Grand Prix, there was one driver that disqualified. Who was he ?Sebastian Vettel
44%
What was the final point gap between Max Verstappen and Lewis Hamilton ?8
28%
How many times did George Russell manage to score points ?4
23%
In how many races did Esteban Ocon outrace his teammate, Fernando Alonso ?10
7%

Score Distribution

Percentile by Number Answered

Percent of People with Each Score

Your Score History

You have not taken this quiz